| 000 -ლიდერი |
| ფიქსირებული სიგრძის საკონტროლო ველი |
00978nam a22002297a 4500 |
| 003 - საკონტროლო ნომრის იდენტიფიკატორი |
| საკონტროლო ველი |
Ge_BSU |
| 005 - ბოლო ოპერაციის თარიღი და დრო |
| საკონტროლო ველი |
20241212120105.0 |
| 008 - ფიქსირებული სიგრძის მონაცემთა ელემენტები - ზოგადი ინფორმაცია |
| ფიქსირებული სიგრძის საკონტროლო ველი |
241212s2024 ge ||||| |||| 00| 0 geo d |
| 020 ## - წიგნის საერთაშორისო სტანდარტული ნომერი |
| International Standard Book Number |
9789941987106 |
| 041 ## - ენის კოდი |
| Language code of text/sound track or separate title |
geo |
| 080 ## - უნივერსალური ათობითი კლასიფიკაციის ინდექსი |
| Universal Decimal Classification number |
902/904(479.22) მ-47 |
| 100 ## - მთავარი ჩანაწერი - პიროვნების სახელი |
| Personal name |
მეგრელიძე, იოსებ |
| 9 (RLIN) |
114 |
| 245 ## - ცნობა სათაურის შესახებ |
| Title |
სიძველეები ლიახვის ხეობაში : |
| Remainder of title |
დიდი ლიახვის ხეობა. წ. 1 / |
| Statement of responsibility, etc |
იოსებ მეგრელიშვილი; რედ. ა. ღლონტი. |
| 264 ## - წარმოების, გამოცემის, დისტრიბუციის და სხვა ცნობები |
| გამოცემის, წარმოების, დისტრიბუციის... ადგილი |
თბილისი : |
| გამოცემის, წარმოების, დისტრიბუციის... სახელწოდება |
წიგნიერი, |
| გამოცემის, წარმოების, დისტრიბუციის... თარიღი |
2024. |
| 300 ## - ფიზიკური აღწერა |
| Extent |
358 გვ. : |
| Other physical details |
ილ.; |
| Dimensions |
28 სმ. |
| 653 ## - INDEX TERM--UNCONTROLLED |
| Uncontrolled term |
ლიახვის ხეობა |
| 653 ## - INDEX TERM--UNCONTROLLED |
| Uncontrolled term |
ეთნოგრაფია |
| 653 ## - INDEX TERM--UNCONTROLLED |
| Uncontrolled term |
ისტორია |
| 700 ## - ADDED ENTRY--PERSONAL NAME |
| Personal name |
ღლონტი, ა. |
| Relator term |
რედაქტორი |
| 9 (RLIN) |
16233 |
| 773 ## - HOST ITEM ENTRY |
| Title |
ნაჩუქარი |
| 942 ## - ADDED ENTRY ELEMENTS (KOHA) |
| Source of classification or shelving scheme |
|
| Koha item type |
წიგნი |